Statistics for Cities Chain #1

Click here to take the quiz!

General Stats

  • This quiz has been taken 13,718 times
  • The average score is 15 of 23

Answer Stats

Hint City % Correct
City formerly divided by a wallBerlin
99%
Place to find the world's tallest buildingDubai
83%
Italian city founded by Greeks
c. 600 B.C. Its name means "New City"
Naples
82%
Massachusetts witch trials siteSalem
82%
"The City of Lights"Paris
77%
Capital of country musicNashville
76%
Had the largest library in the ancient worldAlexandria
74%
Home to China's biggest stock exchangeShanghai
72%
Former capital of JapanKyoto
70%
Largest city in AlaskaAnchorage
70%
Capital of CroatiaZagreb
68%
Capital of LatviaRiga
66%
Largest French-speaking city
in the Americas
Montreal
65%
Egyptian city on a canalSuez
63%
Biggest urban area in AfricaLagos
62%
Belgian city with a large diamond industryAntwerp
58%
Northernmost major city in CanadaEdmonton
55%
Connected via bridge to San FranciscoOakland
55%
20 km west of Amsterdam. Namesake of
a Manhattan neighborhood
Haarlem
54%
Austrian Olympics host cityInnsbruck
52%
Located on the Firth of ForthEdinburgh
44%
Quezon City is the largest part
of this metro area
Manila
43%
Turkish city once called SmyrnaIzmir
33%

Score Distribution

Percentile by Number Answered

Percent of People with Each Score

Your Score History

You have not taken this quiz